| 000 | 01139nam a2200277 i 4500 | ||
|---|---|---|---|
| 001 | 183015 | ||
| 003 | ES-MaACL | ||
| 005 | 20250825003421.0 | ||
| 008 | 140113s2011 sp |||| | spa d | ||
| 020 | _a978-84-9911-117-9 | ||
| 080 | _a821.134.2-39.09"15" | ||
| 100 | 1 |
_aMarín Pina, María Carmen, _d1960- _9154133 |
|
| 245 | 1 | 0 |
_aPáginas de sueños : _bestudios sobre los libros de caballerías castellanos / _cMª Carmen Marín Pina. |
| 260 |
_aZaragoza : _bInstitución "Fernando el Católico", _c2011. |
||
| 300 |
_a401 p. ; _c21 cm. |
||
| 490 | 1 | _aColección de letras | |
| 490 | 1 |
_aPublicación n. 3044 de la Institución "Fernando el Católico" ; _v3044 |
|
| 504 | _aReferencias bibliográficas. | ||
| 650 | 7 |
_aLibros de caballería españoles _2embne _914448 |
|
| 830 | 0 |
_aColección de letras _9224919 |
|
| 830 | 0 | 0 |
_aPublicación ... de la Institución Fernando el Católico ; _9233871 _v3044 |
| 852 |
_aES-MaACL _jA-12953 _9189948 _bR.149810 _cDEPO1 _dOlim: N-5953 _xDonación: Real Academia Española |
||
| 914 |
_96336 _aReal Academia Española _ednr |
||
| 942 |
_2udc _cMONOGRAFIA |
||
| 999 |
_c183015 _d183015 |
||